| LEADER | 00785nam a2200265 4500 | ||
|---|---|---|---|
| 001 | DLU090072069 | ||
| 005 | ##20090508 | ||
| 040 | # | # | |a DLU |b vie |
| 041 | # | # | |a vie |
| 044 | # | # | |a vn |
| 100 | # | # | |a Lê Văn Đông. |
| 245 | # | # | |a Giá trị của việc giải mã bộ gen người đối với y học / |c Lê Văn Đông, Phạm Mạnh Hùng. |
| 653 | # | # | |a Gen |
| 653 | # | # | |a Y học |
| 700 | # | # | |a Phạm Mạnh Hùng, |c GS.TSKH. |
| 773 | # | # | |t Nghiên cứu Con người |g Số 1(16), 2005, tr. 54-63 |
| 920 | # | # | |a Phòng Tạp chí -- Trung tâm Thông tin - Thư viện Trường Đại học Đà Lạt |
| 994 | # | # | |a DLU |
| 900 | # | # | |a True |
| 911 | # | # | |a Đào Thị Thu Huyền |
| 925 | # | # | |a G |
| 926 | # | # | |a A |
| 927 | # | # | |a BB |
| 980 | # | # | |a Thư viện Trường Đại học Đà Lạt |